|
|
|
|
| LEADER |
00000nam a2200000 i 4500 |
| 001 |
DIGUPAMP0093 |
| 003 |
NyNyDIG |
| 007 |
cr ||||||||||| |
| 008 |
250909s2025 ck o o 000 0 spa d |
| 006 |
m o d |
| 035 |
|
|
|a (OCoLC)1536545432
|
| 040 |
|
|
|a DGITA
|b eng
|e rda
|e pn
|c DGITA
|
| 020 |
|
|
|a 9786287656604
|q (digital)
|
| 024 |
7 |
|
|a 10.24054/seu.110
|2 doi
|
| 043 |
|
|
|a s-ck---
|
| 050 |
1 |
4 |
|a HQ1552 ebook
|
| 100 |
1 |
|
|a Contreras Jáuregui, Magda Milena,
|e author.
|
| 245 |
1 |
0 |
|a Historias y hermeneusis de la mujer silera :
|b historias que tal vez no son perfectas, pero sí perceptibles /
|c Magda Milena Contreras Jauregui [and 4 others].
|
| 250 |
|
|
|a Primera edición.
|
| 264 |
|
1 |
|a [Pamplona, Colombia] :
|b Sello Editorial Unipamplona,
|c [2025]
|
| 300 |
|
|
|a 1 online resource :
|b color photographs.
|
| 336 |
|
|
|a text
|b txt
|2 rdacontent
|
| 337 |
|
|
|a computer
|b c
|2 rdamedia
|
| 338 |
|
|
|a online resource
|b cr
|2 rdacarrier
|
| 347 |
|
|
|a text file
|2 rdaft
|
| 347 |
|
|
|b PDF
|
| 490 |
1 |
|
|a Colección Ciencias sociales y humanas
|
| 500 |
|
|
|a "En honor a las mujeres sileras, cuyas historias reflejan su fuerza, resiliencia, creencias y trabajo incansable".
|
| 588 |
0 |
|
|a Online resource; title from PDF title page (Digitalia, viewed September 9, 2025)
|
| 650 |
|
0 |
|a Women
|z Colombia
|z Norte de Santander
|x Interviews.
|
| 791 |
2 |
|
|a Digitalia (Firm),
|e distributor.
|
| 793 |
0 |
|
|g Digitalia eBook Collection:
|a Universidad de Pamplona
|
| 830 |
|
0 |
|a Colección Ciencias sociales y humanas (Universidad de Pamplona)
|
| 856 |
4 |
0 |
|3 Digitalia Hispánica
|u https://www.digitaliapublishing.com/a/175741/
|
| 910 |
|
|
|a Premium collection: 2025
|